| 000 | 00530nam a2200181Ia 4500 | ||
|---|---|---|---|
| 008 | 230718s9999 xx 000 0 und d | ||
| 020 | _a9781441964410 | ||
| 041 | _aeng | ||
| 082 |
_a535.5'8 _bTHY |
||
| 100 |
_aThyagarajan K. _9150364 |
||
| 245 |
_aLasers _bFundamentals And Applications |
||
| 250 | _a2nd ed. | ||
| 260 |
_c2010 _bSpringer |
||
| 300 |
_a650 _dRef 1308 E ME (38632) |
||
| 365 |
_cRs. _b5757.00 |
||
| 700 |
_aThyagarajan K. & Ghatak A. _9191869 |
||
| 906 |
_dO:0161011-Mar-2011B:703103-Feb-2011 _cME ETC _b1439.25 |
||
| 999 |
_c327425 _d327425 |
||